000 00419cam a2200157 a 4500
020 _a0471619949 (cloth)
040 _cDLC
082 0 0 _a681 WIL 1991 A036 Or.
100 1 _aFigliola, R. S.
245 1 0 _aTheory and design for mechanical measurements /
260 _aNew York :
_bJ. Wiley,
_cc1991.
300 _axii, 516 p. :
_bill. ;
_c26 cm.
650 0 _aMeasurement.
700 1 _aBeasley, Donald E.
942 _cEK
999 _c11380
_d11380